Berühmte Deutsche nach Geburtsjahr 1920-1939 - Statistiken

Allgemein
  • Dieses Quiz wurde 61 mal gespielt
  • Das Durchschnittsergebnis liegt bei 11 aus 20
Antwortstatistiken
Jahr Hinweis Person % Korrekt
1933 Modedesigner mit Sonnenbrille Karl Lagerfeld
96%
1930 Bundeskanzler von 1982-1998 Helmut Kohl
95%
1923 Humorist ("Ödipussi", "Pappa ante Portas") Loriot
80%
1927 Papst Benedikt XVI.
78%
1929 Torschütze im WM-Finale 1954 Helmut Rahn
78%
1936 HSV-Legende Uwe Seeler
78%
1938 Sissi-Darstellerin Romy Schneider
73%
1926 Exzentrisch-Cholerischer Schauspieler Klaus Kinski
67%
1920 Berühmter Literaturkritiker Marcel Reich-Ranicki
67%
1925 Moderator von "Dalli, Dalli" Hans Rosenthal
64%
1935 Humorist ("Nonstop Nonsens") Dieter Hallervorden
51%
1937 Erster Deutscher im Weltraum Sigmund Jähn
49%
1931 Autor ("Oh wie schön ist Panama") Janosch
47%
1921 Künstler (Badewanne) Joseph Beuys
31%
1934 Berühmter Literaturkritiker Hellmuth Karasek
27%
1928 "Es gibt kein Bier auf Hawaii"-Sänger Paul Kuhn
24%
1932 Künstler, der ein Fenster des Kölner Doms gestaltete Gerhard Richter
22%
1922 Minister, "Wandel durch Annäherung" Egon Bahr
20%
1939 Meister mit Köln und Milan Karl-Heinz Schnellinger
15%
1924 Bundestagspräsident und CDU-Chef Rainer Barzel
15%
Keine übereinstimmenden Quizze gefunden
Verteilung der Resultate
Anzahl Personen mit jedem Resultat
Perzentil nach korrekt beantworteten Fragen
Ihre Resultats-Entwicklung
Sie haben dieses Quiz noch nicht gespielt